Alençon - Choix multiples - Statistiques

Statistiques générales
  • Ce quiz a été pris 7 fois
  • Le résultat moyen est 6 sur 10
Statistiques - réponses
Question Réponse % Correct
Quel savoir-faire, spécialité de la ville, est inscrit depuis 2010 au patrimoine culturel immatériel de l'UNESCO ? La dentelle
100%
Quelle célèbre sainte française est née à Alençon en 1873 et y a été baptisée dans la basilique Notre-Dame ? Thérèse de l'Enfant-Jésus
100%
Alençon, bien que préfecture de l'Orne, est limitrophe d'un autre département. Quel est-il ? La Sarthe
83%
Quel chanteur est né et a grandi à Alençon ? Orelsan
67%
Quand et comment la ville fut-elle libérée de l'occupation allemande ? Le 12 août 1944, par la 2e division blindée du général Leclerc
50%
Durant les Trente Glorieuses, quelle entreprise est le plus gros employeur de la ville, participant à son dynamisme ? Moulinex
50%
Lequel de ces bâtiments est l'hôtel de ville d'Alençon ?
33%
Dans quelle commune environnante se trouve le campus d'Alençon rattaché à l'université de Caen-Normandie ? Damigny
33%
Quelles rivières traversent Alençon ? La Sarthe et la Briante
17%
Qui est le seul roi de France a avoir porté le titre de duc d'Alençon ? Louis XVIII
17%
Aucun quiz correspondant
Distribution des résultats
% des personnes avec chaque résultat
Percentile par nombre de réponses
Votre historique - résultats
Vous n’avez pas pris ce quiz